000 00701nam a2200205 i 4500
001 181934
003 ES-MaACL
005 20240425174235.0
008 130507s2011 pr |||| | spa d
020 _a978-959-7135-93-7
080 _a821.134.2 (729.1)-2"19"
100 1 _aPino, Amado del.
_9152729
245 1 0 _aReino dividido /
_cAmado del Pino ; prólogo de Víctor Casaus.
260 _aLa Habana :
_bEdiciones La Memoria, Centro Cultural Pablo de la Torriente Brau,
_c2011.
300 _a122 p. :
_bil. ;
_c19 cm.
700 0 _aCasaus, Víctor,
_d1944-
_936258
852 _aES-MaACL
_jA-12637
_9188842
_bR.148851
_cDEPO1
_dOlim: N-5638
942 _2udc
_cMONOGRAFIA
999 _c181934
_d181934